000 00657nam a2200277Ia 4500
005 20260324145528.0
008 008 260324s9999 xx 000 0 eng d
020 _a9781315621104
037 _aEBOOK
040 _aCRL
040 _beng
040 _cCRL
041 _2eng
041 _aeng
084 _qCRL
100 _aLes Fallick; R F Elliott
_91223281
245 0 _aIncomes Policies, Inflation and Relative Pay
260 _bTaylor and Francis
260 _c1981
365 _a
365 _b105
856 _uhttp://www.taylorfrancis.com/books/9781315621104
942 _cEBOOK
999 _c1831321
_d1831321